<?xml version="1.0" encoding="UTF-8"?>
<record
    xmlns:xsi="http://www.w3.org/2001/XMLSchema-instance"
    xsi:schemaLocation="http://www.loc.gov/MARC21/slim http://www.loc.gov/standards/marcxml/schema/MARC21slim.xsd"
    xmlns="http://www.loc.gov/MARC21/slim">

  <leader>02498njm a2200421Ia 4500</leader>
  <controlfield tag="001">27385</controlfield>
  <controlfield tag="003">IT-RoPAU</controlfield>
  <controlfield tag="005">20220918181110.0</controlfield>
  <controlfield tag="008">131025s9999    xx            000 0 und d</controlfield>
  <datafield tag="040" ind1=" " ind2=" ">
    <subfield code="a">IT-RoPAU</subfield>
  </datafield>
  <datafield tag="040" ind1=" " ind2=" ">
    <subfield code="c">IT-RoPAU</subfield>
  </datafield>
  <datafield tag="041" ind1=" " ind2=" ">
    <subfield code="a">ITALIANO</subfield>
  </datafield>
  <datafield tag="999" ind1=" " ind2=" ">
    <subfield code="c">98901</subfield>
    <subfield code="d">98901</subfield>
  </datafield>
  <datafield tag="999" ind1=" " ind2=" ">
    <subfield code="b">n.d.</subfield>
  </datafield>
  <datafield tag="100" ind1=" " ind2=" ">
    <subfield code="a">Zero Renato</subfield>
    <subfield code="9">5540</subfield>
  </datafield>
  <datafield tag="100" ind1=" " ind2=" ">
    <subfield code="e">Autore musica</subfield>
    <subfield code="9">17858</subfield>
  </datafield>
  <datafield tag="100" ind1=" " ind2=" ">
    <subfield code="g">Codice autore musica SPICS: 11202</subfield>
    <subfield code="9">5542</subfield>
  </datafield>
  <datafield tag="245" ind1=" " ind2=" ">
    <subfield code="a">Icaro</subfield>
  </datafield>
  <datafield tag="250" ind1=" " ind2=" ">
    <subfield code="a">1a ed.</subfield>
  </datafield>
  <datafield tag="260" ind1=" " ind2=" ">
    <subfield code="a">ITALIA</subfield>
  </datafield>
  <datafield tag="260" ind1=" " ind2=" ">
    <subfield code="b">RCA - ZEROMANIA MUSIC</subfield>
    <subfield code="c">1981 [1a Ed.:1981 - Ed. Lingua Orig.: 1981]</subfield>
  </datafield>
  <datafield tag="300" ind1=" " ind2=" ">
    <subfield code="a">DISCO</subfield>
  </datafield>
  <datafield tag="300" ind1=" " ind2=" ">
    <subfield code="c">89 minuti (Testo:  pag.)</subfield>
  </datafield>
  <datafield tag="500" ind1=" " ind2=" ">
    <subfield code="a">Canzone italiana. Cantautore. Registrato in diretta da Zerolandia a Roma e a Torino dal 22 dicembre 1980 al 18 gennaio 1981</subfield>
  </datafield>
  <datafield tag="505" ind1=" " ind2=" ">
    <subfield code="a">Niente trucco stasera (7:00) - Vivo (4:00) - Sesso o esse (5:00) - Qualcuno mi renda l'anima (4:00) - Chi pi&#xF9; chi meno (6:00) - Morire qui (3:00) - Profumi balocchi e maritozzi (5:00) - Un uomo da bruciare (5:00) - Inventi (3:00) - Triangolo (9:00) - Manichini (4:00) - Potrebbe essere Dio (6:00) - Non sparare (5:00) - Madame (5:00) - Il cielo (4:00) - Amico (6:00) - Fortuna (6:00) - Il carrozzone (6:00) - Pi&#xF9; su (7:00)</subfield>
  </datafield>
  <datafield tag="650" ind1=" " ind2=" ">
    <subfield code="a">CANZONE ITALIAN [DISCHI]</subfield>
    <subfield code="e">Codice MATERIA SPICS: 9950</subfield>
    <subfield code="9">17859</subfield>
  </datafield>
  <datafield tag="700" ind1=" " ind2=" ">
    <subfield code="a">Zero Renato</subfield>
    <subfield code="e">Autore testo/musica</subfield>
    <subfield code="g">Codice autore testo/musica SPICS: 11202</subfield>
    <subfield code="9">17860</subfield>
  </datafield>
  <datafield tag="700" ind1=" " ind2=" ">
    <subfield code="a">Zero Renato</subfield>
    <subfield code="g">Codice interprete SPICS: 11202</subfield>
    <subfield code="e">Interprete</subfield>
    <subfield code="9">17861</subfield>
  </datafield>
  <datafield tag="700" ind1=" " ind2=" ">
    <subfield code="a">Evangelisti</subfield>
    <subfield code="g">Codice autore musica SPICS: 24576</subfield>
    <subfield code="e">Autore musica</subfield>
    <subfield code="p">Niente trucco stasera - Vivo - Chi pi&#xF9; chi meno - Amico - Il carrozzone</subfield>
    <subfield code="9">17862</subfield>
  </datafield>
  <datafield tag="700" ind1=" " ind2=" ">
    <subfield code="a">Conrado R.</subfield>
    <subfield code="g">Codice autore SPICS: 27437</subfield>
    <subfield code="e">Autore</subfield>
    <subfield code="p">Niente trucco stasera - Qualcuno mi renda l'anima - Potrebbe essere Dio</subfield>
    <subfield code="9">17863</subfield>
  </datafield>
  <datafield tag="700" ind1=" " ind2=" ">
    <subfield code="a">Wright</subfield>
    <subfield code="g">Codice autore SPICS: 21796</subfield>
    <subfield code="e">Autore</subfield>
    <subfield code="p">Vivo</subfield>
    <subfield code="9">17864</subfield>
  </datafield>
  <datafield tag="700" ind1=" " ind2=" ">
    <subfield code="a">Zarrillo Michele</subfield>
    <subfield code="g">Codice autore SPICS: 18821</subfield>
    <subfield code="e">Autore</subfield>
    <subfield code="p">Sesso o esse</subfield>
    <subfield code="9">17865</subfield>
  </datafield>
  <datafield tag="700" ind1=" " ind2=" ">
    <subfield code="a">Pintucci</subfield>
    <subfield code="g">Codice autore SPICS: 24663</subfield>
    <subfield code="e">Autore</subfield>
    <subfield code="p">Profumi balocchi e maritozzi - Un uomo da bruciare - Manichini - Non sparare - Madame - Fortuna - Il carrozzone</subfield>
    <subfield code="9">17866</subfield>
  </datafield>
  <datafield tag="700" ind1=" " ind2=" ">
    <subfield code="a">Mogol (Rapetti Giulio)</subfield>
    <subfield code="g">Codice autore musica SPICS: 13643</subfield>
    <subfield code="e">Autore musica</subfield>
    <subfield code="p">Un uomo da bruciare</subfield>
    <subfield code="9">17867</subfield>
  </datafield>
  <datafield tag="700" ind1=" " ind2=" ">
    <subfield code="a">Filistrucchi</subfield>
    <subfield code="g">Codice autore SPICS: 27651</subfield>
    <subfield code="e">Autore</subfield>
    <subfield code="p">Inventi</subfield>
    <subfield code="9">17868</subfield>
  </datafield>
  <datafield tag="700" ind1=" " ind2=" ">
    <subfield code="a">Caviri</subfield>
    <subfield code="g">Codice autore SPICS: 28274</subfield>
    <subfield code="e">Autore</subfield>
    <subfield code="p">Triangolo</subfield>
    <subfield code="9">17869</subfield>
  </datafield>
  <datafield tag="700" ind1=" " ind2=" ">
    <subfield code="a">Baldan Bembo Dario</subfield>
    <subfield code="g">Codice autore musica SPICS: 9846</subfield>
    <subfield code="e">Autore musica</subfield>
    <subfield code="p">Amico - Pi&#xF9; su</subfield>
    <subfield code="9">17870</subfield>
  </datafield>
  <datafield tag="942" ind1=" " ind2=" ">
    <subfield code="c">MD</subfield>
    <subfield code="2">ddc</subfield>
  </datafield>
  <datafield tag="952" ind1=" " ind2=" ">
    <subfield code="0">0</subfield>
    <subfield code="1">0</subfield>
    <subfield code="4">0</subfield>
    <subfield code="6">27385_000000000000000</subfield>
    <subfield code="7">1</subfield>
    <subfield code="a">SPICS</subfield>
    <subfield code="b">SPICS</subfield>
    <subfield code="d">2013-10-25</subfield>
    <subfield code="l">0</subfield>
    <subfield code="o">27385</subfield>
    <subfield code="r">2013-10-25 00:00:00</subfield>
    <subfield code="w">2013-10-25</subfield>
    <subfield code="y">MD</subfield>
    <subfield code="z">Progr. Ins.: 6942 / N.Vol.: 2 / Copie: 1 - Copia rara: n.d. / date import: 01.01.2014 - By Epidotti, Trombetti, Vaglietti</subfield>
  </datafield>
</record>
